| 000 | 00610nam a2200241Ia 4500 | ||
|---|---|---|---|
| 001 | UByD001373 | ||
| 003 | AR-LpoUNG | ||
| 005 | 20230420213125.0 | ||
| 008 | 230420s2022||||ag |||||||||||||| ||spa|d | ||
| 020 | _a9789878860497 | ||
| 040 |
_aAR-LpoUNG _bspa _cAR-LpoUNG _eaacr |
||
| 082 | 0 | _aA861 345hor | |
| 100 | 1 | _aFerreira Servián, Sylvia | |
| 245 | 1 | 0 | _aHorizonte de nostalgias |
| 250 | _a1ra. ed. | ||
| 260 |
_aSan Miguel : _bCaballitos de Ajedrez, _c2022. |
||
| 300 | _a70 p. | ||
| 650 | 4 | _aLITERATURA | |
| 650 | 4 | _aPOESIA | |
| 653 | 4 | _aAUTORES LOCALES | |
| 905 | _aCJPM489 | ||
| 942 |
_cLIB _2ddc |
||
| 999 |
_c63930 _d63930 |
||